[Event "Elit(Limhamn-LASK)"]
[Site "?"]
[Date "2020.01.31"]
[Round "6"]
[White "Hogeman, Joel"]
[Black "Kucuksari, Kaan"]
[Result "1/2-1/2"]
[WhiteElo "2175"]
[BlackElo "2308"]
[PlyCount "186"]
[EventDate "2020.??.??"]
1. e4 c5 2. Nf3 e6 3. d4 cxd4 4. Nxd4 a6 5. Bd3 Bc5 6. Nb3 Be7 7. Qg4 g6 8. Qe2
d6 9. O-O Nd7 10. a4 b6 11. Na3 Qc7 12. a5 b5 13. c4 b4 14. Nc2 Ngf6 15. Nxb4
Rb8 16. Bd2 O-O 17. Nd4 Bb7 18. f3 d5 19. cxd5 Bc5 20. Be3 Bxb4 21. dxe6 Ne5
22. Bxa6 Bxa6 23. Qxa6 Qc4 24. exf7+ Kxf7 25. Qa7+ Kg8 26. Rfc1 Ra8 27. Rxc4
Nxc4 28. Nc6 Rxa7 29. Bxa7 Bd6 30. Bd4 Nd7 31. b4 Nb8 32. Na7 Nd2 33. Bc3 Bf4
34. Nb5 Na6 35. Rd1 Rd8 36. Kh1 Rb8 37. Nd4 Nxb4 38. Bxd2 Bxd2 39. Rxd2 Nc6 40.
Kg1 Nxa5 41. Ne6 Rb7 42. h3 h6 43. Nf4 Nc4 44. Ra2 Kf7 45. h4 g5 46. hxg5 hxg5
47. Ne2 Kf6 48. Kf2 Rb6 49. Ra8 Ne5 50. Rf8+ Kg6 51. Rd8 Rb3 52. Rd6+ Kf7 53.
Rd2 Kf6 54. Nd4 Ra3 55. Nf5 g4 56. Ne3 gxf3 57. gxf3 Nd3+ 58. Kg3 Nc5 59. Rd6+
Kf7 60. Kf2 Ra4 61. Ke1 Nxe4 62. fxe4 Rb4 63. Kf2 Rxe4 64. Kf3 Ra4 65. Nd5 Rd4
66. Ke3 Ra4 67. Nf4 Ke7 68. Rb6 Kd7 69. Ne2 Kc7 70. Rf6 Kd7 71. Nd4 Ke7 72.
Re6+ Kd7 73. Rg6 Ke7 74. Ke4 Kf7 75. Rc6 Ke7 76. Rb6 Ra1 77. Nf5+ Kd7 78. Nd4
Ke7 79. Kf5 Re1 80. Nf3 Re2 81. Nd4 Re1 82. Ne6 Rf1+ 83. Nf4 Re1 84. Nd3 Re2
85. Rb7+ Kd6 86. Rb6+ Ke7 87. Rb7+ Kd6 88. Kf6 Re6+ 89. Kf5 Re2 90. Rb6+ Ke7
91. Nf4 Re1 92. Ng6+ Kd7 93. Ne5+ Kc7 1/2-1/2

[Event "Elit(Stockholms SS-Farsta)"]
[Site "?"]
[Date "2020.01.31"]
[Round "6"]
[White "Arman, Deniz"]
[Black "Gramer, Kent"]
[Result "1-0"]
[WhiteElo "2318"]
[BlackElo "2077"]
[PlyCount "59"]
1. e4 c5 2. Nf3 d6 3. Bb5+ Bd7 4. Bxd7+ Nxd7 5. O-O Ngf6 6. Re1 e6 7. b3 Be7 8.
Bb2 O-O 9. d4 cxd4 10. Nxd4 d5 11. exd5 Nxd5 12. c4 Nf4 13. Qf3 Bb4 14. Nc3 e5
15. Nc2 Bxc3 16. Bxc3 Qg5 17. Rad1 Rad8 18. g3 f5 19. Rd6 Nh3+ 20. Kg2 e4 21.
Qd1 Nxf2 22. Qd5+ Kh8 23. Kxf2 Nb6 24. Rxd8 Rxd8 25. Qe5 h5 26. Ne3 Rf8 27. Qf4
Qg6 28. Rd1 Kh7 29. c5 Nc8 30. Rd7 1-0

[Event "Elit(Limhamn-LASK)"]
[Site "?"]
[Date "2020.01.31"]
[Round "6"]
[White "Jogstad, Martin"]
[Black "Eklund, Joel"]
[Result "1/2-1/2"]
[WhiteElo "2302"]
[BlackElo "2216"]
[PlyCount "205"]
[EventDate "2020.??.??"]
1. d4 Nf6 2. c4 e6 3. Nf3 c5 4. g3 b6 5. Bg2 Bb7 6. d5 exd5 7. Nh4 g6 8. Nc3
Bg7 9. O-O O-O 10. Bg5 h6 11. Nxd5 hxg5 12. Nxf6+ Qxf6 13. Bxb7 gxh4 14. Bxa8
Qxb2 15. Qa4 Qxe2 16. Rae1 Qd3 17. Rd1 Qc3 18. Rc1 Qd3 19. Bd5 Nc6 20. Bxc6
dxc6 21. Qxc6 Bd4 22. Kg2 Qe2 23. a4 Kg7 24. Rce1 Qxc4 25. Re7 h3+ 26. Kg1 Rd8
27. Qf3 a6 28. Rfe1 b5 29. axb5 axb5 30. Qb7 b4 31. Rxf7+ Qxf7 32. Re7 Rf8 33.
Kf1 Qxe7 34. Qxe7+ Rf7 35. Qe6 Rxf2+ 36. Ke1 Rf7 37. Kd2 Rb7 38. Qd5 Re7 39.
Kc2 Re2+ 40. Kd3 Rxh2 41. Qd7+ Kh6 42. Qc8 Kg5 43. Qe6 Rf2 44. Qxh3 b3 45. Qh4+
Kf5 46. Qh3+ Kf6 47. Qh8+ Kf7 48. Qh7+ Bg7 49. Qh1 Kg8 50. Qd5+ Kh7 51. Qh1+
Kg8 52. Qd5+ Kh7 53. Qh1+ Bh6 54. Qb7+ Kh8 55. Qc8+ Bf8 56. Ke3 Rf7 57. Qb8 c4
58. Kd4 b2 59. Kxc4 Kh7 60. Qxb2 Rc7+ 61. Kd5 Bg7 62. Qh2+ Kg8 63. g4 Re7 64.
g5 Kf7 65. Qa2 Rd7+ 66. Kc6+ Ke7 67. Qe2+ Kd8 68. Qe6 Rc7+ 69. Kb6 Re7 70. Qxg6
Kd7 71. Qc6+ Kd8 72. Qd5+ Ke8 73. Kc6 Kf8 74. Qd8+ Re8 75. Qd7 Re7 76. Qc8+ Kf7
77. Qf5+ Kg8 78. Kd6 Re5 79. Qc8+ Kf7 80. Qd8 Kg6 81. Qd7 Rxg5 82. Qe8+ Kh7 83.
Qe4+ Kg8 84. Qc4+ Kh7 85. Qh4+ Kg6 86. Qe4+ Kh6 87. Qh1+ Kg6 88. Qb1+ Kh6 89.
Ke6 Rg6+ 90. Kf7 Rf6+ 91. Ke7 Rf8 92. Qh1+ Kg6 93. Qg2+ Kh7 94. Qh3+ Kg8 95.
Qe6+ Kh7 96. Qe4+ Kg8 97. Qg6 Rf6 98. Qe8+ Rf8 99. Qh5 Rf6 100. Qd5+ Kh7 101.
Qa8 Rf8 102. Qxf8 Bxf8+ 103. Kxf8 1/2-1/2

[Event "Elit(Stockholms SS-Farsta)"]
[Site "?"]
[Date "2020.01.31"]
[Round "6"]
[White "Hedin, Gunnar"]
[Black "Renman, Nils-Gustaf"]
[Result "0-1"]
[WhiteElo "2112"]
[BlackElo "2319"]
[PlyCount "72"]
1. f4 d5 2. Nf3 Bg4 3. e3 Nd7 4. h3 Bxf3 5. Qxf3 c6 6. d4 e6 7. Bd3 f5 8. g4 g6
9. g5 h6 10. h4 Ne7 11. c4 Bg7 12. Nc3 hxg5 13. hxg5 Kf7 14. Bd2 dxc4 15. Bxc4
b5 16. Bb3 Rxh1+ 17. Qxh1 Qb6 18. Qf3 Rd8 19. O-O-O c5 20. d5 c4 21. dxe6+ Qxe6
22. Bc2 b4 23. Ne2 a5 24. e4 fxe4 25. Qxe4 Qxe4 26. Bxe4 Nc5 27. Bc2 Nd3+ 28.
Bxd3 Rxd3 29. Kc2 Rh3 30. Bc1 Rh2 31. Rd2 Nf5 32. Kd1 Rh1+ 33. Kc2 Re1 34. Rd7+
Ke6 35. Rd2 c3 36. bxc3 bxc3 0-1

[Event "Elit(Limhamn-LASK)"]
[Site "?"]
[Date "2020.01.31"]
[Round "6"]
[White "Tadjerbashi, Amir"]
[Black "Dragicevic, Drazen"]
[Result "1-0"]
[WhiteElo "2199"]
[BlackElo "2286"]
[PlyCount "75"]
[EventDate "2020.??.??"]
1. e4 c5 2. Nf3 d6 3. d4 cxd4 4. Nxd4 Nf6 5. Nc3 Bd7 6. g3 Nc6 7. Bg2 g6 8.
Nde2 Bg7 9. h3 O-O 10. O-O Rb8 11. a4 a6 12. Be3 b5 13. axb5 axb5 14. Nd5 Re8
15. Rb1 b4 16. b3 Rb7 17. Qd2 Qb8 18. Rfd1 Nxd5 19. exd5 Na7 20. Bd4 Rc8 21.
Bxg7 Kxg7 22. Nd4 Rc3 23. Re1 Nc8 24. Ra1 Rbc7 25. Ra2 Qb6 26. Re4 f6 27. Rh4
g5 28. Re4 Qc5 29. h4 Qxd5 30. Rxe7+ Nxe7 31. Bxd5 Nxd5 32. hxg5 R3c5 33. Ra6
Kf7 34. Rxd6 Ke7 35. Ra6 Bc8 36. Qe2+ Kf7 37. Qh5+ Kg8 38. Rd6 1-0

[Event "Elit(Stockholms SS-Farsta)"]
[Site "?"]
[Date "2020.01.31"]
[Round "6"]
[White "Cederstam Barsk, Carl"]
[Black "Lagerborg, Krister"]
[Result "1-0"]
[WhiteElo "2353"]
[BlackElo "2143"]
[PlyCount "48"]
1. e4 c5 2. Nf3 d6 3. Bb5+ Nd7 4. Ba4 a6 5. c4 e5 6. Nc3 g6 7. b4 b6 8. Rb1
Ngf6 9. bxc5 bxc5 10. Bc6 Ra7 11. Qa4 Qc7 12. Nd5 Nxd5 13. cxd5 Be7 14. d3 Bd8
15. O-O f6 16. Nd2 O-O 17. Nc4 Nb8 18. Bh6 Rf7 19. Be8 Re7 20. f4 Bd7 21. Bxd7
Nxd7 22. fxe5 Nxe5 23. Rxf6 Nf7 24. Rxf7 Rxf7 1-0

[Event "Elit(Burgsvik-Wasa)"]
[Site "?"]
[Date "2020.01.31"]
[Round "6"]
[White "Amin, Bassem"]
[Black "Krupenski, Juri"]
[Result "1-0"]
[WhiteElo "2673"]
[BlackElo "2386"]
[PlyCount "53"]
[EventDate "2020.??.??"]
1. e4 c6 2. d4 d5 3. exd5 cxd5 4. c4 Nf6 5. Nc3 Nc6 6. Bf4 g6 7. Nf3 Bg7 8. Be2
O-O 9. O-O Bg4 10. c5 Ne4 11. Be3 f5 12. Ng5 f4 13. Ncxe4 Bxe2 14. Qxe2 fxe3
15. fxe3 Qd7 16. Nc3 e5 17. dxe5 Bxe5 18. Qd3 Nb4 19. Qd2 d4 20. Nf3 Qe7 21.
exd4 Bf4 22. Qd1 Qe3+ 23. Kh1 Nd3 24. Qc2 Bxh2 25. Nd5 Qe4 26. Kxh2 Rf5 27.
Ne7+ 1-0

[Event "Elit(Vaxjo-Eksjo)"]
[Site "?"]
[Date "2020.01.31"]
[Round "6"]
[White "Heberla, Bartlomiej"]
[Black "Christiansen, Johan-Sebastian"]
[Result "1/2-1/2"]
[WhiteElo "2564"]
[BlackElo "2600"]
[PlyCount "83"]
[EventDate "2020.??.??"]
1. c4 e5 2. Nc3 Nc6 3. Nf3 Nf6 4. d4 exd4 5. Nxd4 Bb4 6. Bg5 h6 7. Bh4 Bxc3+ 8.
bxc3 Ne5 9. Nb5 a6 10. Bxf6 gxf6 11. Nd4 d5 12. cxd5 Qxd5 13. Qc2 Rg8 14. e4
Qc5 15. f4 Nc6 16. Qd2 Bd7 17. Nb3 Qe7 18. Qe3 Bf5 19. Nc5 b6 20. Kf2 Bc8 21.
Nb3 Bb7 22. Rd1 Nd8 23. Bd3 Ne6 24. Be2 a5 25. a4 Qa3 26. Bb5+ Kf8 27. Bc4 Qxa4
28. Bxe6 fxe6 29. Nd4 Ke7 30. Rhe1 Rad8 31. Qh3 Qa2+ 32. Re2 Qc4 33. Qxh6 Rxd4
34. Rxd4 Rxg2+ 35. Kxg2 Qxe2+ 36. Kg3 Qe1+ 37. Kg4 Qe2+ 38. Kg3 Qe1+ 39. Kg4
Qg1+ 40. Kh3 Qf1+ 41. Kg3 Qe1+ 42. Kg4 1/2-1/2

[Event "Elit(Burgsvik-Wasa)"]
[Site "?"]
[Date "2020.01.31"]
[Round "6"]
[White "Persson, Mats"]
[Black "Shirov, Alexei"]
[Result "1-0"]
[WhiteElo "2300"]
[BlackElo "2677"]
[PlyCount "135"]
1. d4 Nf6 2. Bf4 c5 3. e3 d5 4. c3 Nc6 5. Nd2 Bg4 6. Be2 Bxe2 7. Nxe2 e6 8. O-O
Be7 9. Bg5 cxd4 10. cxd4 O-O 11. Nc3 Nd7 12. Bxe7 Qxe7 13. Rc1 Rfc8 14. a3 Nb6
15. Na4 Nc4 16. Rc2 b5 17. Nc5 e5 18. Ncb3 e4 19. Qh5 Qd6 20. Rfc1 g6 21. Qg5
f5 22. Nb1 Nd8 23. Nc5 Nf7 24. Qg3 Qxg3 25. hxg3 Nfd6 26. b3 Nb6 27. Na6 Rd8
28. Rc5 Nb7 29. Rxb5 Rac8 30. Rxc8 Rxc8 31. Nc5 Nd8 32. Nc3 Nc6 33. a4 Rd8 34.
Ne6 Rd7 35. a5 Nc8 36. Nxd5 Kf7 37. Ng5+ Kg7 38. Ne6+ Kf7 39. Ndf4 Nd6 40. Rd5
Nb4 41. Rc5 a6 42. Rc1 h6 43. Nc5 Ra7 44. Ra1 Nb7 45. Ra4 Nc6 46. b4 Nxc5 47.
bxc5 Rb7 48. g4 fxg4 49. d5 g3 50. fxg3 Rb1+ 51. Kf2 Nb4 52. c6 Ke7 53. c7 Kd7
54. d6 g5 55. Rxb4 Rxb4 56. Nd5 Rb2+ 57. Ke1 Rc2 58. Nb6+ Kxd6 59. c8=Q Rxc8
60. Nxc8+ Kd7 61. Nb6+ Kc6 62. Kd2 Kb5 63. Kc3 Kxa5 64. Nc4+ Kb5 65. Nd6+ Kc5
66. Nxe4+ Kd5 67. Kd3 a5 68. g4 1-0

[Event "Elit(Vaxjo-Eksjo)"]
[Site "?"]
[Date "2020.01.31"]
[Round "6"]
[White "Solodovnichenko, Yuri"]
[Black "Gdanski, Jacek"]
[Result "1/2-1/2"]
[WhiteElo "2574"]
[BlackElo "2482"]
[PlyCount "47"]
[EventDate "2020.??.??"]
1. e4 e6 2. d4 d5 3. Nc3 Bb4 4. Nge2 Ne7 5. a3 Ba5 6. g3 dxe4 7. b4 Bb6 8. Nxe4
a5 9. Bb2 axb4 10. axb4 Rxa1 11. Bxa1 Nbc6 12. Bg2 e5 13. dxe5 Qxd1+ 14. Kxd1
Nxb4 15. Bd4 Bxd4 16. Nxd4 O-O 17. Kc1 Nf5 18. Rd1 Rd8 19. Nxf5 Rxd1+ 20. Kxd1
Bxf5 21. Kd2 Kf8 22. f4 b6 23. c3 Na6 24. Ke3 1/2-1/2

[Event "Elit(Burgsvik-Wasa)"]
[Site "?"]
[Date "2020.01.31"]
[Round "6"]
[White "Berg, Emanuel"]
[Black "Andersson, Tommy"]
[Result "1-0"]
[WhiteElo "2544"]
[BlackElo "2396"]
[PlyCount "65"]
[EventDate "2020.??.??"]
1. e4 c5 2. Nf3 d6 3. d4 cxd4 4. Nxd4 Nf6 5. Nc3 a6 6. Bg5 Nbd7 7. Bc4 Qb6 8.
Bb3 e6 9. Qd2 Be7 10. O-O-O Nc5 11. Rhe1 O-O 12. f4 h6 13. h4 Qc7 14. Kb1 b5
15. e5 Ne8 16. Bxe7 Qxe7 17. Qf2 Nxb3 18. axb3 Bb7 19. g4 Rd8 20. g5 dxe5 21.
Rxe5 b4 22. Na4 f6 23. Rxe6 Qf7 24. Rde1 fxg5 25. hxg5 hxg5 26. Nc5 Bc8 27. Nc6
Rd1+ 28. Rxd1 Bxe6 29. Qe2 Nc7 30. Nd8 Qe7 31. Ndxe6 gxf4 32. Rd7 f3 33. Qf2
1-0

[Event "Elit(Vaxjo-Eksjo)"]
[Site "?"]
[Date "2020.01.31"]
[Round "6"]
[White "Ornstein, Axel"]
[Black "Lindberg, Bengt"]
[Result "1-0"]
[WhiteElo "2284"]
[BlackElo "2401"]
[PlyCount "131"]
[EventDate "2020.??.??"]
1. Nf3 Nf6 2. c4 c5 3. Nc3 e6 4. g3 b6 5. Bg2 Bb7 6. O-O a6 7. Re1 d5 8. cxd5
Nxd5 9. e4 Nb4 10. d4 cxd4 11. Nxd4 Be7 12. a3 N4c6 13. Nxc6 Nxc6 14. Nd5 O-O
15. Nxe7+ Qxe7 16. Be3 Rfd8 17. Qb3 b5 18. Bb6 Rd7 19. Red1 Ne5 20. Rxd7 Qxd7
21. Qc3 f6 22. Qc7 Rc8 23. Qxd7 Nxd7 24. Ba5 Ne5 25. Rd1 Bc6 26. b3 Kf7 27. f4
Nd7 28. e5 Nf8 29. Rc1 Bb7 30. Rxc8 Bxc8 31. exf6 gxf6 32. Kf2 e5 33. fxe5 fxe5
34. Ke3 Ne6 35. Bc3 Kf6 36. b4 Nc7 37. h3 Be6 38. Bb2 Bd7 39. g4 h6 40. Bb7 Be8
41. h4 Bf7 42. Ke4 Bg6+ 43. Kf3 Bc2 44. Bc1 h5 45. Bg5+ Ke6 46. gxh5 Bd1+ 47.
Kg3 Bxh5 48. Bd8 Ne8 49. Bxa6 Nd6 50. Bc7 Nf5+ 51. Kf2 Nd4 52. Bb6 Nc2 53. Bxb5
Nxa3 54. Bd3 Kd5 55. Be2 Bg6 56. h5 Bh7 57. b5 Nc4 58. Bc7 Na3 59. Bd8 Nc2 60.
b6 Kc6 61. Bb5+ Kb7 62. Be8 Nd4 63. Bg6 Bg8 64. Be4+ Kc8 65. b7+ Kb8 66. Bf6
1-0

[Event "Elit(Burgsvik-Wasa)"]
[Site "?"]
[Date "2020.01.31"]
[Round "6"]
[White "Haitin, Ilja"]
[Black "Sagit, Rauan"]
[Result "1-0"]
[WhiteElo "2349"]
[BlackElo "2429"]
[PlyCount "103"]
[EventDate "2020.??.??"]
1. e4 Nf6 2. e5 Nd5 3. d4 d6 4. Nf3 Bg4 5. Be2 e6 6. c4 Nb6 7. Nc3 Be7 8. O-O
O-O 9. Be3 N8d7 10. b3 Rb8 11. Bf4 Re8 12. Kh1 a6 13. Qd2 Nf8 14. Rfd1 Ng6 15.
exd6 cxd6 16. Be3 d5 17. c5 Nd7 18. b4 f5 19. Ng1 Bxe2 20. Ngxe2 Nf6 21. f3 Qd7
22. Nf4 Nf8 23. Nd3 Rec8 24. Bf4 Ra8 25. Re1 Bd8 26. Bd6 Be7 27. Bxe7 Qxe7 28.
Nf4 Qf7 29. Re2 g5 30. Nd3 Qg7 31. Ne5 Nh5 32. g3 Nf6 33. Rae1 Rc7 34. a4 g4
35. fxg4 Nxg4 36. Nxg4 Qxg4 37. Rf2 Rg7 38. Ne2 Ng6 39. Nf4 Nxf4 40. Rxf4 Qg6
41. Re5 Rf8 42. Qe2 Rf6 43. b5 axb5 44. axb5 Qh6 45. Qe3 Qg6 46. Qe1 Qf7 47.
Re2 Rh6 48. Ra2 Qd7 49. c6 bxc6 50. Ra8+ Kf7 51. b6 Kg6 52. b7 1-0

[Event "Elit(Vaxjo-Eksjo)"]
[Site "?"]
[Date "2020.01.31"]
[Round "6"]
[White "Alle Wahlin, Ambjorn"]
[Black "Gajic, Mladen"]
[Result "1/2-1/2"]
[WhiteElo "2257"]
[BlackElo "2295"]
[PlyCount "95"]
1. c4 d6 2. Nc3 g6 3. g3 Bg7 4. Bg2 Nf6 5. d4 O-O 6. Nf3 c5 7. O-O Nc6 8. dxc5
dxc5 9. Be3 Nd7 10. Qc1 Qa5 11. Bh6 Nf6 12. Bxg7 Kxg7 13. Rd1 Be6 14. b3 Rad8
15. Qb2 Rxd1+ 16. Rxd1 Rd8 17. Rxd8 Qxd8 18. Ng5 Bd7 19. Nd5 b6 20. f4 h6 21.
Ne4 Bf5 22. Nexf6 exf6 23. Kf2 Nb8 24. a3 Be6 25. Ne3 Qd6 26. Be4 Nd7 27. Bd5
a5 28. Qc3 Kf8 29. Kf3 h5 30. Qd3 f5 31. Qc3 f6 32. Bxe6 Qxe6 33. Qd3 Kf7 34.
Nd5 Nb8 35. h3 Nd7 36. Nc7 Qc6+ 37. Nd5 Qe6 38. e3 Nf8 39. Ke2 Nd7 40. Kf3 Nf8
41. Nc7 Qc6+ 42. Nd5 Ne6 43. Ke2 Nc7 44. Nxc7 Qxc7 45. Qd5+ Ke7 46. Kf3 Qd6 47.
Qxd6+ Kxd6 48. a4 1/2-1/2

[Event "Elit(Burgsvik-Wasa)"]
[Site "?"]
[Date "2020.01.31"]
[Round "6"]
[White "Wedberg, Tom"]
[Black "Akerman, Axel"]
[Result "1-0"]
[WhiteElo "2410"]
[BlackElo "2199"]
[PlyCount "71"]
[EventDate "2020.??.??"]
1. e4 c5 2. Nf3 d6 3. d4 cxd4 4. Nxd4 Nf6 5. Nc3 g6 6. Be3 Bg7 7. f3 Nc6 8. Qd2
O-O 9. O-O-O d5 10. exd5 Nxd5 11. Nxc6 bxc6 12. Bd4 Bxd4 13. Qxd4 Qb6 14. Na4
Qc7 15. h4 Rb8 16. a3 e5 17. Qc5 Be6 18. h5 Rfd8 19. hxg6 hxg6 20. Bc4 Nf4 21.
g3 Rxd1+ 22. Rxd1 Bxc4 23. gxf4 Be2 24. Re1 Bxf3 25. fxe5 Bd5 26. Qc3 f6 27.
Nc5 fxe5 28. Na6 Qb6 29. Nxb8 Qxb8 30. Rxe5 Qb6 31. b3 Kf7 32. Re1 a5 33. Qe5
Qc5 34. Kb2 a4 35. Qf4+ Kg7 36. Qxa4 1-0

[Event "Elit(Vaxjo-Eksjo)"]
[Site "?"]
[Date "2020.01.31"]
[Round "6"]
[White "Lukez, Franko"]
[Black "Rydstrom, Tom"]
[Result "0-1"]
[WhiteElo "2324"]
[BlackElo "2248"]
[PlyCount "52"]
[EventDate "2020.??.??"]
1. Nf3 d5 2. g3 Nc6 3. Bg2 e5 4. d3 Be6 5. Nbd2 Qd7 6. Ng5 Bg4 7. h3 Bh5 8. c4
Nge7 9. cxd5 Nxd5 10. a3 h6 11. Ngf3 O-O-O 12. Nc4 Qe6 13. Qa4 Kb8 14. Na5 Nxa5
15. Qxa5 f5 16. O-O g5 17. e4 fxe4 18. dxe4 Bxf3 19. Bxf3 Nf6 20. Be3 b6 21.
Qc3 g4 22. Rfc1 Bd6 23. Be2 Qd7 24. a4 gxh3 25. Bb5 Qg4 26. Bc6 Qf3 0-1

[Event "Elit(Burgsvik-Wasa)"]
[Site "?"]
[Date "2020.01.31"]
[Round "6"]
[White "Linusson, Pelle"]
[Black "Cramling, Dan"]
[Result "0-1"]
[WhiteElo "2249"]
[BlackElo "2296"]
[PlyCount "42"]
[EventDate "2020.??.??"]
1. Nf3 g6 2. c4 Bg7 3. g3 c5 4. Nc3 Nc6 5. Bg2 b6 6. d3 Bxc3+ 7. bxc3 Bb7 8. h4
h6 9. e4 d6 10. Be3 Qd7 11. Bh3 e6 12. O-O f5 13. d4 Nf6 14. Nd2 O-O-O 15. Re1
Kb8 16. exf5 gxf5 17. Bg2 e5 18. Nf3 Qg7 19. dxe5 dxe5 20. Qc2 f4 21. Nxe5 fxe3
0-1

[Event "Elit(Vaxjo-Eksjo)"]
[Site "?"]
[Date "2020.01.31"]
[Round "6"]
[White "Lundstedt, Peter"]
[Black "Rothen, Hakan"]
[Result "1/2-1/2"]
[WhiteElo "2088"]
[BlackElo "2252"]
[PlyCount "141"]
[EventDate "2020.??.??"]
1. d4 Nf6 2. Nf3 c5 3. d5 e6 4. Nc3 b5 5. Nxb5 Qa5+ 6. Nc3 exd5 7. Bd2 Qb6 8.
e3 Ba6 9. Bxa6 Nxa6 10. O-O Nc7 11. b3 Be7 12. Na4 Qe6 13. Bc3 O-O 14. Bb2 Rfd8
15. Rc1 Ne4 16. Nd2 Rab8 17. c4 Nxd2 18. Qxd2 dxc4 19. Qc3 Qg6 20. Qxc4 d5 21.
Qc2 Na6 22. Qxg6 hxg6 23. Ba3 Rbc8 24. Rfd1 Kf8 25. Kf1 c4 26. Bxe7+ Kxe7 27.
bxc4 dxc4 28. Rxd8 Kxd8 29. Ke2 Nb4 30. a3 Nd3 31. Rc2 Rc6 32. Nb2 Nxb2 33.
Rxb2 Kc7 34. Rb4 Rc5 35. Kd2 a5 36. Rb1 Rd5+ 37. Kc3 Rd3+ 38. Kxc4 Rxa3 39. Rb2
Kc6 40. Rc2 g5 41. Kd4+ Kd6 42. Rb2 Ra4+ 43. Kc3 Kc6 44. Rc2 Rb4 45. Ra2 Rb5
46. e4 Kd6 47. Rd2+ Ke6 48. Rd8 Rc5+ 49. Kd2 g6 50. f3 Rb5 51. Kc2 Kf6 52. Rd7
Rc5+ 53. Kd2 Ke6 54. Rd8 f5 55. exf5+ gxf5 56. Rg8 Kf6 57. Re8 Rd5+ 58. Kc3 Re5
59. Rf8+ Ke6 60. Ra8 f4 61. Re8+ Kf6 62. Rf8+ Kg7 63. Ra8 Re2 64. Rxa5 Rxg2 65.
Kd3 Kg6 66. Ra6+ Kh5 67. Ra8 Rb2 68. Ke4 Rb4+ 69. Kf5 Rb5+ 70. Kf6 Rb6+ 71. Kf5
1/2-1/2

[Event "Elit(Burgsvik-Wasa)"]
[Site "?"]
[Date "2020.01.31"]
[Round "6"]
[White "Astrom, Goran"]
[Black "Fraenkel, Mikael"]
[Result "1-0"]
[WhiteElo "2222"]
[BlackElo "2045"]
[PlyCount "63"]
1. e4 c5 2. Nf3 Nc6 3. d4 cxd4 4. Nxd4 g6 5. c4 Bg7 6. Be3 Nf6 7. Nc3 Ng4 8.
Qxg4 Nxd4 9. Qd1 Ne6 10. Rc1 Qa5 11. Qd2 b6 12. Bd3 Bb7 13. O-O Rc8 14. b3 Nc5
15. f3 d6 16. Rf2 h6 17. Bf1 g5 18. Nd5 Qxd2 19. Rxd2 Ne6 20. Rcc2 Rf8 21. g3
f5 22. exf5 Rxf5 23. Bh3 Re5 24. f4 Rxe3 25. Nxe3 gxf4 26. Nd5 Bxd5 27. Rxd5
Kf7 28. Re2 Nd4 29. Re4 Nf3+ 30. Kf2 Ng5 31. Rxg5 hxg5 32. Bxc8 1-0

[Event "Elit(Vaxjo-Eksjo)"]
[Site "?"]
[Date "2020.01.31"]
[Round "6"]
[White "Gustafsson, Fredrik"]
[Black "Olofsson-Dolk, Mattis"]
[Result "0-1"]
[WhiteElo "2089"]
[BlackElo "2218"]
[PlyCount "58"]
[EventDate "2020.??.??"]
1. e4 c5 2. Nc3 a6 3. g3 b5 4. Bg2 Bb7 5. d3 e6 6. f4 d5 7. e5 h5 8. Nf3 Nc6 9.
a3 Nh6 10. Ne2 Nf5 11. d4 cxd4 12. Nexd4 Nfxd4 13. Nxd4 Nxd4 14. Qxd4 Rc8 15.
Qd3 Bc5 16. Bd2 Qb6 17. c3 g6 18. b4 Bf2+ 19. Ke2 Qa7 20. Rhf1 Bb6 21. Rac1 O-O
22. Bf3 Rfd8 23. Be3 Rc4 24. Rfd1 Rdc8 25. g4 hxg4 26. Bxg4 Re4 27. Qxe4 dxe4
28. Bxb6 Qxb6 29. Rd6 Qc7 0-1

[Event "Elit(Burgsvik-Wasa)"]
[Site "?"]
[Date "2020.01.31"]
[Round "6"]
[White "Larsson, Victor"]
[Black "Wernberg, Hugo"]
[Result "1-0"]
[WhiteElo "2186"]
[BlackElo "2063"]
[PlyCount "69"]
1. d4 d5 2. Bf4 Nf6 3. e3 c5 4. c3 Nc6 5. Nd2 e6 6. Ngf3 Be7 7. Ne5 Nxe5 8.
Bxe5 O-O 9. Bd3 Nd7 10. Bg3 Bf6 11. O-O g6 12. Bd6 Re8 13. dxc5 Ne5 14. Be2 Nc6
15. Nf3 a6 16. a3 Bg7 17. Qd2 Ne7 18. Rfd1 Nf5 19. Bg3 Nxg3 20. hxg3 Qc7 21. b4
Bd7 22. Rab1 Rad8 23. Rdc1 e5 24. Bd1 Bg4 25. Bb3 Qc6 26. Qa2 Re7 27. Rd1 d4
28. cxd4 e4 29. d5 Qc8 30. d6 Red7 31. Ng5 Bxd1 32. Bxf7+ Kh8 33. Rxd1 b6 34.
Be6 bxc5 35. Nf7+ 1-0

[Event "Elit(Vaxjo-Eksjo)"]
[Site "?"]
[Date "2020.01.31"]
[Round "6"]
[White "Gonzalez, Emilio"]
[Black "Malesevic, Nedeljko"]
[Result "1/2-1/2"]
[WhiteElo "1970"]
[BlackElo "2257"]
[PlyCount "43"]
[EventDate "2020.??.??"]
1. c4 f5 2. g3 Nf6 3. Bg2 g6 4. Nc3 Bg7 5. Nf3 O-O 6. O-O d6 7. d3 e5 8. Bg5 h6
9. Bxf6 Bxf6 10. Nd2 c6 11. Rb1 Rf7 12. Qc2 Be6 13. b4 Nd7 14. b5 Rc8 15. e4 f4
16. bxc6 bxc6 17. Rb7 Rc7 18. Rfb1 Rxb7 19. Rxb7 Nc5 20. Rxf7 Kxf7 21. gxf4
exf4 22. Ne2 1/2-1/2

[Event "Elit(Stockholms SS-Farsta)"]
[Site "?"]
[Date "2020.01.31"]
[Round "6"]
[White "Urkedal, Frode"]
[Black "Seo, Jung Min"]
[Result "0-1"]
[WhiteElo "2528"]
[BlackElo "2448"]
[PlyCount "80"]
[SourceDate "2020.02.14"]
1. d4 d5 2. c4 c6 3. cxd5 cxd5 4. Nc3 Nf6 5. Bf4 Nc6 6. e3 a6 7. Bd3 Bg4 8.
Nge2 e6 9. f3 Bh5 10. Kf2 Bg6 11. Bxg6 hxg6 12. h4 Be7 13. Rc1 Rc8 14. g3 Nd7
15. Kg2 b5 16. a4 b4 17. Nb1 O-O 18. b3 Qb6 19. Bg5 f6 20. Bf4 Rfd8 21. g4 e5
22. Bg3 Nf8 23. Qd3 Bd6 24. dxe5 Bxe5 25. f4 Bb8 26. h5 Ba7 27. Bf2 Ne7 28.
Rxc8 Rxc8 29. Nd4 Qd6 30. hxg6 Nfxg6 31. Nf5 Qc6 32. Nxe7+ Nxe7 33. Nd2 d4+ 34.
Nf3 dxe3 35. Bxe3 Qc2+ 36. Qxc2 Rxc2+ 37. Bd2 Be3 38. Re1 Nd5 39. Rd1 Nc3 40.
Rf1 Ne4 0-1

[Event "Elit(Limhamn-LASK)"]
[Site "?"]
[Date "2020.01.31"]
[Round "6"]
[White "Hector, Jonny"]
[Black "Hillarp Persson, Tiger"]
[Result "1/2-1/2"]
[WhiteElo "2481"]
[BlackElo "2546"]
[PlyCount "89"]
[EventDate "2020.??.??"]
1. e4 c5 2. Nf3 d6 3. d4 cxd4 4. Nxd4 Nf6 5. Nc3 a6 6. Bg5 e6 7. f4 h6 8. Bh4
Qb6 9. Qd3 Qxb2 10. Rb1 Qa3 11. e5 Nd5 12. Nxd5 Qxd3 13. Bxd3 exd5 14. e6 Nc6
15. exf7+ Kxf7 16. Nxc6 bxc6 17. Rb6 c5 18. O-O Ra7 19. a4 g6 20. a5 c4 21. Be2
Bf5 22. Bf3 Be4 23. Bxe4 dxe4 24. Rc6 Bg7 25. Rxd6 Re8 26. Rfd1 e3 27. Rd7+
Rxd7 28. Rxd7+ Kg8 29. Be1 Rb8 30. Kf1 Rb1 31. Ke2 Rc1 32. c3 Bxc3 33. Bxc3
Rxc3 34. Ra7 Rc2+ 35. Kxe3 Rxg2 36. Rxa6 Rxh2 37. Rxg6+ Kh7 38. Rc6 Ra2 39. a6
c3 40. f5 c2 41. Kd2 h5 42. Rc7+ Kh6 43. Ra7 h4 44. Ra8 h3 45. Rh8+ 1/2-1/2

[Event "Elit(Stockholms SS-Farsta)"]
[Site "?"]
[Date "2020.01.31"]
[Round "6"]
[White "Westerberg, Jonathan"]
[Black "Livner, Anders"]
[Result "1-0"]
[WhiteElo "2556"]
[BlackElo "2371"]
[PlyCount "61"]
1. e4 c6 2. Nf3 d5 3. Nc3 dxe4 4. Nxe4 Nf6 5. Qe2 Nxe4 6. Qxe4 Nd7 7. Bc4 Nf6
8. Ne5 Nd5 9. Qf3 Be6 10. d4 g6 11. O-O Bg7 12. Re1 O-O 13. c3 a5 14. h4 Qc8
15. h5 a4 16. hxg6 hxg6 17. Qg3 b5 18. Bxd5 Bxd5 19. Ng4 Re8 20. Bh6 Bh8 21.
Bf4 Bg7 22. Re3 Qf5 23. Rae1 Be6 24. Nh6+ Bxh6 25. Bxh6 Bxa2 26. Re5 Qd7 27.
Qg5 Qd6 28. Rxe7 Rxe7 29. Rxe7 Bd5 30. Qh4 f6 31. Rg7+ 1-0

[Event "Elit(Limhamn-LASK)"]
[Site "?"]
[Date "2020.01.31"]
[Round "6"]
[White "Smith, Axel"]
[Black "Lindgren, Philip"]
[Result "1-0"]
[WhiteElo "2469"]
[BlackElo "2356"]
[PlyCount "67"]
[EventDate "2020.??.??"]
1. e4 c5 2. Nc3 Nc6 3. Bb5 Nd4 4. Bc4 g6 5. Nf3 Bg7 6. Nxd4 cxd4 7. Qf3 Nf6 8.
Nb5 O-O 9. Nxd4 d5 10. exd5 e5 11. Ne2 e4 12. Qb3 b5 13. Qxb5 Bd7 14. Qa6 Bc8
15. Qa3 Qc7 16. d3 Bg4 17. Bf4 Qc8 18. Nc3 exd3 19. cxd3 Re8+ 20. Be3 Rb8 21.
O-O Bf8 22. Qa6 Qf5 23. Bd4 Bg7 24. f3 Rxb2 25. fxg4 Qxg4 26. Bf2 Nh5 27. h3
Qg5 28. Ne4 Qe5 29. Rae1 Nf4 30. Nf6+ Bxf6 31. Rxe5 Bxe5 32. d4 Bg7 33. d6 Rb6
34. Qxa7 1-0